01344nam a2200325 i 4500003000900000005001700009007000300026008004100029020001500070040003000085082001300115100004500128245005700173264004200230300002900272336002700301337003400328338002800362500022500390500006500615500004300680500005200723500002100775504003300796590002700829910001400856942001400870952011700884999001701001DO-SdBNP20240712145602.0ta240712b1997 sp 001 0 spa d a8487480306 aDO-SdBNPbspacBNPHUerda 4bL6932221 aLiñan Vicente, Carlos deeautor98607310aFarmacología vegetal / cCarlos de Liñan Vicente aEspaña : bAgrotécnicas, c1997. a1196 páginas :c25 cm. 2rdacontentatextobtxt 2rdamediaasin mediaciónbnc 2rdacarrieravolumenbnc aCompendium de las sustancias activas, insectos y ácaros utilizados en la prevención y control de plagas, enfermedades y plantas no deseadas así como en la regulación de la fisiología de los vegetales cultivados aIncluye datos biografícos de la autora en la contraportada aIncluye índice general p: 1145-1189. aIncluye directorio de fabricantes p: 1127-1144. aIncluye CD-ROOM. aBibliografía p: 1125-1126. aInventariado, 2024/ YL aYlockward 2ddccLBS1 00102ddc56708GRaBNPHUbBNPHUcCTd2016-06-17eDonación l0oL693p2024-4407r2024-07-12w2024-07-12yLBS1 c57286d57286